000 01059nam a22003377a 4500
001 BR9801888
003 BR-BrBNA
005 20230928095912.0
007 ta
008 230509b bl.||||| |||| 00| 0 por d
040 _aBR-BrBNA
_bpor
_cBiblioteca Nacional de Agricultura
041 _a(Por)
072 _aF30
_b0150
090 _ 0150 BR9801888
100 1 _aSilva, E.F. da
110 1 _aEscola Superior de Agricultura Luiz de Queiroz, Piracicaba, SP (Brasil)
_0Tese (Mestre em Agronomia)
245 1 _aCaracterizacao de linhagens mutantes de arroz de sequeiro obtidas com utilizacao da azida sodica (NaN3)
260 3 _aPiracicaba, SP (Brasil):
_c1994.
300 _a57 p.
500 _aBibliography p. 52-57; 16 tables; Summaries (Eng, Por)
650 _aArroz Sequeiro
650 _aLinhagem
650 _aCaracteristicas Agronomicas
650 _aRendimento
650 _aAnalise estatistica
650 _aNitrogenio
650 _aSodio
650 _aVariedade Resistente
909 _a202309
_bLucia
_c55
_dLucia Elande
942 _cBK
999 _c59302
_d59302